000 01012nam a22003617a 4500
001 0005742
003 KOHA_MİRAKIL
005 20260207001456.0
007 ta
008 090603b2003 tu |||gr||||#||||0|tur |
020 _a9755913475
040 _aTR-BiSEU
_btur
_cTR-BiSEU
_erda
041 0 _atur
044 _ctu
050 _aRA781
_b.E74 2003
100 1 _aErgen, Emin.
245 1 _aDinamizm üretimi için işyeri egzersizleri/
_cEmin Ergen ; Emin Ergen.
264 1 _aAnkara :
_bNobel
_c2003
300 _a72, [4] sayfa: resimli
336 _ametin
_btxt
_2rdacontent
337 _aaracısız
_bn
_2rdamedia
338 _acilt
_bnc
_2rdacarrier
490 1 _aNobel yayın ;
_vno.
490 1 _a368.
490 1 _aSağlık-spor dizisi ;
_v31.
500 _aKaynakça var.
650 0 _aEgzersiz.
_913909
650 0 _aİzometrik egzersiz.
_913910
830 1 _aNobel yayın ;
_vno.
_91510
830 1 _a368.
_913911
830 1 _aSağlık-spor dizisi ;
_v31.
_913912
942 _2lcc
_cBK
999 _c5723
_d5723